00369nam a2200145 a 45000010005000000030005000050050017000100080041000270200015000680400026000831000019001092450048001282500011001762600036001873100CDMR20130321180039.0130130s1986||||||||||||||||||||||||||||d a8476001436 aCDMRbcatcCPC GIRONA1 aTaufic, Camilo10aPeriodismo y lucha de clasescCamilo Taufic a3a ed. c1986bAkalaTorrejón de Ardoz